Nova Evangelicae Legis, post editam Legis Mosaicae lacteam, mystico-sacra galaxia, hoc est, Candescens, largè & hic irradiante Aquinate Sole, in quatuor Evangelistas expositio detectis generali syntaxi & harmonia. Quibus uniuscuiusque Divini Evangelistae deprehenso scopo, indeque arcanae allegoriae compertae serie, visae aliàs diphoniae non ultra locus est. Tomus primus... [-quartus] / auctore Fratre Innocentio Pencini veneto, Ordinis Praedicatorum, sacrae theologiae magistro. Ad Illustrissimum et Reverendissimum D. D. Petrum Lionum cenetensis Diocesis Antistitem numanissimum

Detalles Bibliográficos
Autor principal: Pencini, Innocenzio, O. P.
Otros Autores: Tramontino, Bartolomeo, ed
Formato: Libro
Lenguaje:Latin
Publicado: Venetiis : typis Bartholomaei Tramontini, 1678-1687.
Materias:
Colección:Banco de datos
Acervo:Universidad Autónoma Benito Juárez de Oaxaca. Biblioteca Francisco de Burgoa. Colección antigua
Descripción Física:4 t. ; f°
Tema general:Biblia
Notas:Portada tipográfica con escudo cardinalicio en grabado calcográfico, marco y pleca en grabado xilográfico.Texto a dos columnas con paginación en números arábigos, apostillas marginales, reclamos y signaturas. Incluye capitulares historiadas en grabado xilográfico. Cada tomo con portada y numeración propias. Año del t. 1 publicado en 1678; t. 2: 1685. Paginación: t. 1 [28] h., 787 p.; t. 2 [10] h., 244, 40 p., [6] h. Encuadernación en pergamino (1556, 1557). Marca de fuego: Casa del Noviciado de la Compañía de Jesús de Oaxaca, Oax. (1556, 1557). Marca de fuego: Convento de Santo Domingo de Oaxaca, Oax. (1556, 1557)
LEADER 02294nam a22002290004500
035 |a 593 
041 0 |a lat 
100 1 |a Pencini, Innocenzio, O. P. 
245 1 0 |a Nova Evangelicae Legis, post editam Legis Mosaicae lacteam, mystico-sacra galaxia, hoc est, Candescens, largè & hic irradiante Aquinate Sole, in quatuor Evangelistas expositio detectis generali syntaxi & harmonia. Quibus uniuscuiusque Divini Evangelistae deprehenso scopo, indeque arcanae allegoriae compertae serie, visae aliàs diphoniae non ultra locus est. Tomus primus... [-quartus] / auctore Fratre Innocentio Pencini veneto, Ordinis Praedicatorum, sacrae theologiae magistro. Ad Illustrissimum et Reverendissimum D. D. Petrum Lionum cenetensis Diocesis Antistitem numanissimum 
260 |a Venetiis : typis Bartholomaei Tramontini, 1678-1687. 
300 |a 4 t. ; f° 
500 |a Portada tipográfica con escudo cardinalicio en grabado calcográfico, marco y pleca en grabado xilográfico.Texto a dos columnas con paginación en números arábigos, apostillas marginales, reclamos y signaturas. Incluye capitulares historiadas en grabado xilográfico. Cada tomo con portada y numeración propias. Año del t. 1 publicado en 1678; t. 2: 1685. Paginación: t. 1 [28] h., 787 p.; t. 2 [10] h., 244, 40 p., [6] h. Encuadernación en pergamino (1556, 1557). Marca de fuego: Casa del Noviciado de la Compañía de Jesús de Oaxaca, Oax. (1556, 1557). Marca de fuego: Convento de Santo Domingo de Oaxaca, Oax. (1556, 1557)  
504 |a Al principio del t. 1 están el índice de las cosas notables y la fe de erratas 
504 |a Al final del t. 2 está el índice de las cosas notables 
505 0 0 |a t. 1 In Matthaeum.-- t. 2 In Marcum. Cui appositum est opusculum de officio Corporis Christi.-- t. 3 In Lucam.-- t. 4 In Ioannem 
650 1 0 |a Biblia 
700 1 |a Tramontino, Bartolomeo, ed. 
740 0 |a Candescens, largè & hic irradiante Aquinate Sole, in quatuor Evangelistas expositio detectis generali syntaxi & harmonia 
852 |a Universidad Autónoma "Benito Juárez" de Oaxaca, Biblioteca Francisco de Burgoa, Colección antigua t. 1 (1557); t. 2 (1556) 
942 |c BURANT 
943 |g Universidad Autónoma Benito Juárez de Oaxaca. Biblioteca Francisco de Burgoa. Colección antigua 
999 |c 1111604  |d 1111604